Bienvenue à la E-Bibliothèque de l’UEH

Bénéficiez l'accès à des milliers de ressources en ligne

Introduction à la pharmacoéconomie / (notice nᵒ 1279)

détails MARC
000 -LEADER
fixed length control field 01899 a2200325 4500
001 - CONTROL NUMBER
control field OB-pum-14336
003 - CONTROL NUMBER IDENTIFIER
control field FrMaCLE
005 - DATE AND TIME OF LATEST TRANSACTION
control field 20251214082537.0
007 - PHYSICAL DESCRIPTION FIXED FIELD--GENERAL INFORMATION
fixed length control field cu ||||||m||||
008 - FIXED-LENGTH DATA ELEMENTS--GENERAL INFORMATION
fixed length control field 180705e||||||||xx |||||s|||||||||0|fr|d
020 ## - INTERNATIONAL STANDARD BOOK NUMBER
International Standard Book Number 979-10-365-1362-6
024 7# - OTHER STANDARD IDENTIFIER
Standard number or code 10.4000/books.pum.14336
Source of number or code doi
040 ## - CATALOGING SOURCE
Original cataloging agency FR-FrMaCLE
041 ## - LANGUAGE CODE
Language code of text/sound track or separate title fra
100 1# - MAIN ENTRY--PERSONAL NAME
Personal name Crochard-Lacour, Anne
245 10 - TITLE STATEMENT
Title Introduction à la pharmacoéconomie /
Statement of responsibility, etc. Anne Crochard-Lacour, Jacques LeLorier.
260 ## - PUBLICATION, DISTRIBUTION, ETC.
Place of publication, distribution, etc. Montréal :
Name of publisher, distributor, etc. Presses de l’Université de Montréal,
Date of publication, distribution, etc. 2018.
300 ## - PHYSICAL DESCRIPTION
Extent 93 p.
500 ## - GENERAL NOTE
General note Ebook
520 ## - SUMMARY, ETC.
Summary, etc. La pharmacoéconomie est devenue un domaine incontournable dans le monde de la santé. À lui seul, le poids des contraintes budgétaires justifie son développement constant. Elle constitue un outil indispensable pour de nombreux acteurs au sein de l’industrie pharmaceutique, du milieu médical et des pouvoirs publics. Ces intervenants y ont recours en tant qu’investigateurs mais surtout en tant qu’utilisateurs d’évaluations pharmacoéconomiques. Cet ouvrage s’adresse à toute personne désireuse de connaître les rudiments de la pharmacoéconomie. En présentant les principes de base de façon simple et claire, il vise à permettre aux étudiants et aux professionnels de comprendre les résultats d’une évaluation pharmacoéconomique et de pouvoir juger de sa qualité afin d’en faire une juste interprétation.
540 ## - TERMS GOVERNING USE AND REPRODUCTION NOTE
Terms governing use and reproduction OpenEdition Books License
Uniform Resource Identifier <a href="https://www.openedition.org/12554">https://www.openedition.org/12554</a>
650 #4 - SUBJECT ADDED ENTRY--TOPICAL TERM
Topical term or geographic name entry element Public Health & Health Care Science
Topical term or geographic name entry element pharmaéconomie
Topical term or geographic name entry element services pharmaceutiques
Topical term or geographic name entry element pharmacologie
Topical term or geographic name entry element économie de la santé
700 1# - ADDED ENTRY--PERSONAL NAME
Personal name LeLorier, Jacques
776 ## - ADDITIONAL PHYSICAL FORM ENTRY
International Standard Book Number 978-2-7606-1767-4
856 4# - ELECTRONIC LOCATION AND ACCESS
Data provenance Crochard-Lacour, Anne
Uniform Resource Identifier <a href="https://books.openedition.org/pum/14336">https://books.openedition.org/pum/14336</a>
Link text Introduction à la pharmacoéconomie

Pas d'exemplaire disponible.

Bibliothèque universitaire de l'UEH
Portail centralisé donnant accès au catalogue, aux ressources numériques et aux productions scientifiques de l’Université d’État d’Haïti.

Plateformes institutionnelles

  • Dépôt institutionnel UEH
  • Revues scientifiques UEH
  • GED institutionnelle
  • UEH enseignement à distance

Contact

  • Adresse : 21 Rue Rivière, Port-au-Prince
  • Email : bibliotheque@ueh.edu.ht
  • Téléphone : +509 22-45-68-43 / 22-45-68-44
  • Heures : Lundi–Vendredi 8h–16h
© 2026 UEH – E-Bibliothèque de l’Université d’État d’Haïti | À propos | Confidentialité | Conditions | Mentions légales | Accessibilité | Plan du site | Contact